Statistics for Countries that border Afghanistan

Click here to take the quiz!

General Stats

  • This quiz has been taken 31 times
  • The average score is 5 of 5

Answer Stats

Country % Correct
Pakistan
100%
Iran
100%
Turkmenistan
93%
Tajikistan
90%
China
79%

Score Distribution

Percentile by Number Answered

Percent of People with Each Score

Your Score History

You have not taken this quiz